'How many are there?' Quiz - Statistics

General Stats
  • This quiz has been taken 69 times
    53 since last reset
  • The average score is 12 of 22
Answer Stats
Thing Quantity % Correct
US States 50
100%
Living members of the Beatles 2
87%
Days of Christmas 12
83%
Deadly sins 7
83%
Faces on Mount Rushmore 4
78%
Planets in the solar system 8
78%
Time Zones in Canada 6
74%
Boroughs of New York City 5
72%
Playing cards in a deck 52
72%
Seasons of 'Friends' 10
67%
Positions in Soccer 11
61%
Innings in a baseball game 9
61%
Zeroes in a googol 100
50%
Bones in the human body 206
48%
Human chromosome pairs 23
48%
Countries in the EU 27
43%
Former Soviet Republics 15
33%
Teams in the NBA 30
30%
Members of the UN 193
28%
Elements on the periodic table 118
20%
Yards in a mile 1760
13%
Members of the US Congress 535
7%
No matching quizzes found
Score Distribution
Percent of People with Each Score
Percentile by Number Answered
Your Score History
You have not taken this quiz since the last reset